| 000 | 00341 a2200145 4500 | ||
|---|---|---|---|
| 001 | 170187 | ||
| 020 | _a | ||
| 040 | _cMagnum | ||
| 100 | _aGomes, Helio | ||
| 240 | 1 | 0 |
_aFundamentos da transformacao pela qualidade _lpor |
| 245 | 1 | 0 | _aFundamentos da transformacao pela qualidade |
| 362 | 0 | _a1899 | |
| 697 | _aADMINISTRACAO | ||
| 942 | _cBK | ||
| 999 |
_c170187 _d170187 |
||